<?xml version="1.0" encoding="UTF-8"?><?xml-stylesheet type="text/xsl" href="static/style.xsl"?><OAI-PMH xmlns="http://www.openarchives.org/OAI/2.0/" xmlns:xsi="http://www.w3.org/2001/XMLSchema-instance" xsi:schemaLocation="http://www.openarchives.org/OAI/2.0/ http://www.openarchives.org/OAI/2.0/OAI-PMH.xsd"><responseDate>2026-04-14T02:48:05Z</responseDate><request verb="GetRecord" identifier="oai:www.recercat.cat:11351/13958" metadataPrefix="marc">https://recercat.cat/oai/request</request><GetRecord><record><header><identifier>oai:recercat.cat:11351/13958</identifier><datestamp>2026-01-23T03:06:24Z</datestamp><setSpec>com_2072_378064</setSpec><setSpec>com_2072_378040</setSpec><setSpec>col_2072_378077</setSpec></header><metadata><record xmlns="http://www.loc.gov/MARC21/slim" xmlns:dcterms="http://purl.org/dc/terms/" xmlns:xsi="http://www.w3.org/2001/XMLSchema-instance" xmlns:doc="http://www.lyncode.com/xoai" xsi:schemaLocation="http://www.loc.gov/MARC21/slim http://www.loc.gov/standards/marcxml/schema/MARC21slim.xsd">
   <leader>00925njm 22002777a 4500</leader>
   <datafield ind2=" " ind1=" " tag="042">
      <subfield code="a">dc</subfield>
   </datafield>
   <datafield ind2=" " ind1=" " tag="720">
      <subfield code="a">Grup de treball d'atenció integrada social i sanitària en l'entorn domiciliari</subfield>
      <subfield code="e">author</subfield>
   </datafield>
   <datafield ind2=" " ind1=" " tag="260">
      <subfield code="c">2025-10-29T10:49:08Z</subfield>
   </datafield>
   <datafield ind2=" " ind1=" " tag="260">
      <subfield code="c">2025-10-29T10:49:08Z</subfield>
   </datafield>
   <datafield ind2=" " ind1=" " tag="260">
      <subfield code="c">2025-09</subfield>
   </datafield>
   <datafield ind2=" " ind1=" " tag="520">
      <subfield code="a">Atenció integrada; Atenció centrada en el pacient; Entorn domiciliari</subfield>
   </datafield>
   <datafield ind2=" " ind1=" " tag="520">
      <subfield code="a">Integrated care; Patient-centered care; Home environment</subfield>
   </datafield>
   <datafield ind2=" " ind1=" " tag="520">
      <subfield code="a">Atención integrada; Atención centrada en el paciente; Entorno domiciliario</subfield>
   </datafield>
   <datafield ind2=" " ind1=" " tag="520">
      <subfield code="a">L’atenció integrada (AI) en l’entorn domiciliari té la missió d’oferir un abordatge preventiu, de resposta adequada i d’intervenció proactiva integral, integrada i amb capacitat de resposta per atendre i donar suport a les persones que tinguin necessitat d’atenció domiciliària (AD), a les seves famílies, a la unitat de convivència i l’entorn proper, d’acord amb les seves preferències, valors i voluntats, i que garanteixi la intensitat de suport i d’atenció necessària, així com continuïtat en l’atenció.</subfield>
   </datafield>
   <datafield ind2=" " ind1=" " tag="520">
      <subfield code="a">La atención integrada (AI) en el entorno domiciliario tiene la misión de ofrecer un abordaje preventivo, de respuesta adecuada y de intervención proactiva integral, integrada y con capacidad de respuesta para atender y apoyar a las personas que tengan necesidad de atención domiciliaria (AD), a sus familias, a la unidad de convivencia y al entorno cercano, de acuerdo con sus preferencias, necesaria, así como continuidad en la atención.</subfield>
   </datafield>
   <datafield tag="653" ind2=" " ind1=" ">
      <subfield code="a">Atenció centrada en el pacient</subfield>
   </datafield>
   <datafield tag="653" ind2=" " ind1=" ">
      <subfield code="a">Atenció domiciliària</subfield>
   </datafield>
   <datafield tag="653" ind2=" " ind1=" ">
      <subfield code="a">Salut pública - Planificació - Catalunya</subfield>
   </datafield>
   <datafield tag="653" ind2=" " ind1=" ">
      <subfield code="a">HEALTH CARE::Health Services Administration::Patient Care Management::Comprehensive Health Care::Primary Health Care::Patient-Centered Care</subfield>
   </datafield>
   <datafield tag="653" ind2=" " ind1=" ">
      <subfield code="a">HEALTH CARE::Health Care Facilities, Manpower, and Services::Health Services::Community Health Services::Home Care Services::Health Care Facilities, Manpower, and Services::Health Services::Home Nursing</subfield>
   </datafield>
   <datafield tag="653" ind2=" " ind1=" ">
      <subfield code="a">HEALTH CARE::Health Care Economics and Organizations::Health Care Economics and Organizations::Social Control, Formal::Legislation as Topic::Health Planning</subfield>
   </datafield>
   <datafield tag="653" ind2=" " ind1=" ">
      <subfield code="a">Catalonia</subfield>
   </datafield>
   <datafield tag="653" ind2=" " ind1=" ">
      <subfield code="a">ATENCIÓN DE SALUD::administración de los servicios de salud::gestión de la atención al paciente::atención integral de salud::atención primaria de la salud::atención centrada en el paciente</subfield>
   </datafield>
   <datafield tag="653" ind2=" " ind1=" ">
      <subfield code="a">ATENCIÓN DE SALUD::instalaciones, servicios y personal de asistencia sanitaria::servicios de salud::instalaciones, servicios y personal de asistencia sanitaria::servicios de salud::servicios de enfermería::Servicios de Atención de Salud a Domicilio</subfield>
   </datafield>
   <datafield tag="653" ind2=" " ind1=" ">
      <subfield code="a">ATENCIÓN DE SALUD::economía y organizaciones para la atención de la salud::economía y organizaciones para la atención de la salud::control social formal::legislación como asunto::planificación en salud</subfield>
   </datafield>
   <datafield tag="653" ind2=" " ind1=" ">
      <subfield code="a">Cataluña</subfield>
   </datafield>
   <datafield ind2="0" ind1="0" tag="245">
      <subfield code="a">Guia pràctica per al desplegament de l'atenció integrada en l'entorn domiciliari</subfield>
   </datafield>
</record></metadata></record></GetRecord></OAI-PMH>